| 000 | 02419cam a22003498a 4500 | ||
|---|---|---|---|
| 001 | 14582620 | ||
| 005 | 20061113094037.0 | ||
| 008 | 061004s2007 nyu b 001 0 eng | ||
| 010 | _a 2006033125 | ||
| 020 | _a9780415543606 (hardback : alk. paper) | ||
| 020 | _a0415416744 (hbk) | ||
| 020 | _a0415543606 (pbk) | ||
| 020 | _a0203962842(ebk) | ||
| 040 |
_aDLC _cDLC _dDLC |
||
| 050 | 0 | 0 |
_aJZ6368 _b.T47 2007 |
| 082 | 0 | 0 |
_a327.117 _222 _bSTE |
| 245 | 0 | 0 |
_aTerritorial conflicts in world society : _bModern systems theory, international relations and conflict studies / _cEdited by Stephan Stetter. |
| 260 |
_aNew York : _bRoutledge, _cc2007. |
||
| 263 | _a0706 | ||
| 300 |
_axiv, 238 p.: _c24 cm. |
||
| 500 | _aTransferred to digital printing 2009. | ||
| 504 | _aIncludes bibliographical references and index. | ||
| 505 | 0 | _aIntroduction : points of encounter / Stephan Stetter -- Debordering by human rights : the challenge of postterritorial conflicts in world society / Thorsten Bonacker -- Regions of conflict in world society : the place of the Middle East and Sub-Saharan Africa / Stephan Stetter -- Theories of world society and war : Luhmann and the alternatives / Klaus Schlichte -- The autopoiesis of conflict transformation : an example of a "butterfly effect" in Greek-Turkish relations / Eugenia Vathakou -- Contradiction, conflict, and borders / Heinz Messmer -- Addresses in world societal conflicts : a systems theoretical contribution to the theory of the state in international relations / Werner Schirmer -- Conflicts of laws : comparing autochthonous legal cultures / Alain Pottage -- "Just peace" revisited : international law in the era of assymetry / Achilles Skordas -- The irony of terror : the morality-sensitive nerve in the criticism of violence / Gertrud Br�ucher -- Conclusion : points of departure / Mathias Albert. | |
| 650 | 0 |
_aConflict management. _98129 |
|
| 650 | 0 |
_aSocial systems. _98130 |
|
| 650 | 0 |
_aInternational relations. _98131 |
|
| 700 | 1 |
_aStetter, Stephan, _d1972- _98132 |
|
| 856 | 4 | 1 |
_3Table of contents only _uhttp://www.loc.gov/catdir/toc/ecip072/2006033125.html |
| 942 |
_2ddc _cBB |
||
| 999 |
_c12420 _d12420 |
||